[Event "Speed Super Swiss KO 2020"]
[Site "chess.com INT"]
[Date "2020.10.04"]
[Round "1.4"]
[White "Sjugirov,S"]
[Black "Nakamura,Hi"]
[Result "0-1"]
[WhiteElo "2675"]
[BlackElo "2736"]

1.e4 e5 2.Nf3 Nc6 3.Bb5 Nf6 4.O-O Nxe4 5.d4 Nd6 6.Bxc6 dxc6 7.dxe5 Nf5 8.Qxd8+ Kxd8
9.Nc3 Ke8 10.h3 h5 11.Bg5 Be6 12.Rad1 Be7 13.b3 Rd8 14.Rxd8+ Kxd8 15.Rd1+ Ke8
16.Ne2 Bd5 17.Bxe7 Nxe7 18.Nfd4 a6 19.f3 c5 20.Nf5 Nxf5 21.Rxd5 b6 22.Kf2 h4
23.Rd1 Ke7 24.Nc3 Ke6 25.Ne4 a5 26.c3 a4 27.b4 cxb4 28.cxb4 Rc8 29.f4 f6
30.exf6 gxf6 31.Nc3 a3 32.Nd5 b5 33.Nc3 c5 34.Re1+ Kf7  0-1

[Event "Speed Super Swiss KO 2020"]
[Site "chess.com INT"]
[Date "2020.10.04"]
[Round "1.3"]
[White "Nakamura,Hi"]
[Black "Sjugirov,S"]
[Result "1-0"]
[WhiteElo "2736"]
[BlackElo "2675"]

1.Nf3 d5 2.e3 Nf6 3.c4 e6 4.d4 a6 5.Nc3 Be7 6.cxd5 exd5 7.Bd3 O-O 8.O-O c5
9.dxc5 Bxc5 10.h3 Nc6 11.Ne2 Bd6 12.b3 Ne5 13.Nxe5 Bxe5 14.Rb1 Be6 15.Bb2 Bxb2
16.Rxb2 Rc8 17.Nd4 Qd6 18.Qb1 Rc7 19.Rc1 Rfc8 20.Rbc2 Bd7 21.Ne2 h6 22.Qb2 Rxc2
23.Bxc2 Rc7 24.Rd1 Qc5 25.Bd3 a5 26.a3 Kf8 27.b4 axb4 28.Rc1 Qd6 29.Rxc7 Qxc7
30.Qxb4+ Kg8 31.a4 b6 32.Nd4 Qc5 33.Qb3 Qa5 34.Qc2 Qxa4 35.Qc7 Qa1+ 36.Kh2 Qa8
37.Qxb6 Qe8 38.Qd6 Be6 39.Qb6 Qf8 40.Ne2 Qe7 41.Nf4 Qe8 42.Qd6 Qf8 43.Qb6 Qe8
44.Bc2 g5 45.Ne2 Kg7 46.Qd4 Qb8+ 47.Ng3 h5 48.f4 h4 49.Nh5+ Kh6 50.Qxf6+  1-0

[Event "Speed Super Swiss KO 2020"]
[Site "chess.com INT"]
[Date "2020.10.04"]
[Round "1.1"]
[White "Nakamura,Hi"]
[Black "Sjugirov,S"]
[Result "1-0"]
[WhiteElo "2736"]
[BlackElo "2675"]

1.Nf3 d5 2.b3 Nf6 3.Bb2 Bg4 4.e3 e6 5.h3 Bh5 6.g4 Bg6 7.Nh4 c5 8.d3 Nc6 9.Nd2 Be7
10.Bg2 Qc7 11.a3 Rd8 12.Qe2 d4 13.O-O O-O 14.Bxc6 Qxc6 15.e4 Nd7 16.Ng2 Rde8
17.f4 f5 18.Rae1 Bd8 19.Rf2 Ba5 20.e5 Nb6 21.Ref1 Bxd2 22.Qxd2 Nd5 23.Qe2 Re7
24.Bc1 Be8 25.Nh4 Qc8 26.gxf5 exf5 27.Rg2 Nc7 28.Kh2 Ne6 29.Rfg1 Bc6 30.Rg3 Qe8
31.Bd2 b6 32.a4 a5 33.Ng2 Qf7 34.Nh4 Qe8 35.Nf3 Qh5 36.Nxd4 Qxe2+ 37.Nxe2 g6
38.h4 Ng7 39.Re3 Nh5 40.Rf1 Rd8 41.Ng3 Ng7 42.h5 Kf7 43.Be1 Ne6 44.Ne2 Ng7
45.h6 Ne6 46.Bh4 Red7 47.Bxd8 Rxd8 48.Ng1 Ke7 49.Nh3 Nd4 50.Rf2 Ne6 51.Kg3 Rd4
52.c3 Rd8 53.Ng5 Nxg5 54.fxg5 Ke6 55.Kf4 Bd5 56.Rb2 Bc6 57.Rb1 Rd7 58.Rh3 Rd8
59.Ke3 Kxe5 60.Rh4 Kd6 61.Kd2 Bd5 62.c4 Bc6 63.Re1 Rf8 64.Rf4 Bd7 65.d4 Bc6
66.d5 Bd7 67.Re3 Rf7 68.Rff3 Rf8 69.Re1 Rf7 70.Ke3 Re7+ 71.Kf2 Rf7 72.Rfe3 f4
73.Re4 Rf5 74.Rg1 f3 75.Re3 Rf4 76.Rxf3 Rd4 77.Rf6+  1-0

[Event "Speed Super Swiss KO 2020"]
[Site "chess.com INT"]
[Date "2020.10.04"]
[Round "1.6"]
[White "Sjugirov,S"]
[Black "Nakamura,Hi"]
[Result "0-1"]
[WhiteElo "2675"]
[BlackElo "2736"]

1.e4 g6 2.d3 Bg7 3.f4 c5 4.Nf3 d6 5.g3 Nc6 6.Bg2 e6 7.O-O Nge7 8.c3 O-O 9.Be3 d5
10.Bxc5 b6 11.Bf2 Ba6 12.e5 b5 13.b4 Bb7 14.a4 a6 15.Nbd2 Qc7 16.Nb3 Rfd8
17.Nc5 Bf8 18.g4 Nc8 19.a5 Rb8 20.d4 Re8 21.h4 Bxc5 22.dxc5 d4 23.Bxd4 N8e7
24.Qe1 Rbd8 25.Ra2 Nxb4 26.Rd2 Nbc6 27.h5 Nxa5 28.Qh4 Nd5 29.Ng5 Nb3 30.Rdf2 b4
31.Nxh7 bxc3 32.hxg6 fxg6 33.Be4 Qxh7 34.Qg5 Nxd4 35.Bxg6 Qg7 36.Rh2 Ne7  0-1

[Event "Speed Super Swiss KO 2020"]
[Site "chess.com INT"]
[Date "2020.10.04"]
[Round "2.2"]
[White "Andreikin,D"]
[Black "Nakamura,Hi"]
[Result "1/2-1/2"]
[WhiteElo "2726"]
[BlackElo "2736"]

1.Nf3 d5 2.d4 Nf6 3.c4 e6 4.Bg5 dxc4 5.Qa4+ Nbd7 6.e4 c6 7.Qxc4 h6 8.Bxf6 Nxf6
9.Bd3 Qa5+ 10.Nbd2 Bb4 11.Rd1 e5 12.O-O Be6 13.Qc2 Bxd2 14.Rxd2 Nd7 15.dxe5 Nxe5
16.Nxe5 Qxe5 17.Bc4 O-O 18.Rfd1 Rfe8 19.Bxe6 Qxe6 20.Rd7 Rab8 21.Rc7 Qxa2
22.g3 Rec8 23.Re7 Re8 24.Rc7 Rec8 25.Re7 Re8 26.Rc7  1/2-1/2

[Event "Speed Super Swiss KO 2020"]
[Site "chess.com INT"]
[Date "2020.10.04"]
[Round "2.1"]
[White "Nakamura,Hi"]
[Black "Andreikin,D"]
[Result "1-0"]
[WhiteElo "2736"]
[BlackElo "2726"]

1.Nf3 b5 2.e4 Bb7 3.Bxb5 Bxe4 4.d4 Nf6 5.O-O e6 6.c4 c6 7.Ba4 Bb4 8.a3 Ba5
9.b4 Bc7 10.Nc3 Bxf3 11.Qxf3 O-O 12.Bg5 d5 13.Rac1 Bb6 14.Rfd1 h6 15.Bh4 a5
16.b5 g5 17.Bg3 dxc4 18.bxc6 Na6 19.d5 Nc5 20.c7 Bxc7 21.Bxc7 Qxc7 22.Qxf6 Ra6
23.d6 Rxd6 24.Qxh6 Rxd1+ 25.Rxd1 Qe5 26.h4 gxh4 27.Bc2 Qg7 28.Qxg7+ Kxg7
29.Rd4 Rb8 30.Rg4+ Kf6 31.Rxc4 Nd7 32.Rxh4 Rc8 33.Ne4+ Ke5 34.Ba4 Nb6 35.Bb5 Nd5
36.Ng5 f5 37.Nf3+ Kd6 38.a4 Rc2 39.g3 Nc3 40.Rc4 e5 41.Kg2 Kd5 42.Nh4 f4
43.gxf4 exf4 44.Rxf4 Nxb5 45.Rf5+ Kc6 46.Rxb5 Rc4 47.Rxa5 Rxh4 48.Kg3 Rb4
49.f4 Kd6 50.Ra8 Ke6 51.a5 Rb7 52.a6 Rg7+ 53.Kf3 Kf5 54.Rf8+ Kg6 55.Rb8 Ra7
56.Rb6+ Kf5 57.Rb5+ Kf6 58.Ra5 Ke6 59.f5+ Kf6 60.Kf4 Rh7 61.Ke4 Rh4+ 62.Kd5 Rf4
63.Kc6  1-0

[Event "Speed Super Swiss KO 2020"]
[Site "chess.com INT"]
[Date "2020.10.04"]
[Round "2.3"]
[White "Nakamura,Hi"]
[Black "Andreikin,D"]
[Result "1-0"]
[WhiteElo "2736"]
[BlackElo "2726"]

1.Nf3 Nf6 2.b3 g6 3.Bb2 Bg7 4.e3 O-O 5.d4 c5 6.dxc5 Qc7 7.b4 a5 8.a3 Nc6
9.c3 Rd8 10.Nbd2 d6 11.cxd6 Rxd6 12.Qc1 Bf5 13.Be2 Ne4 14.Nxe4 Bxe4 15.O-O Bxf3
16.Bxf3 Ne5 17.Be2 Nc4 18.Bxc4 Qxc4 19.Qc2 a4 20.Rad1 b5 21.Rxd6 exd6 22.Rd1 d5
23.Qd3 Qb3 24.Qxd5 Qxd5 25.Rxd5 Rc8 26.Rd3 f5 27.Kf1 Kf7 28.Ke2 Ke6 29.Kd2 Be5
30.h3 h5 31.h4 Rc4 32.g3 Bf6 33.Bc1 Rc6 34.Kc2 Rc4 35.Bd2 Rc6 36.Be1 Rc4
37.Kd2 Be5 38.Ke2 Bf6 39.Bd2 Rc6 40.Be1 Rc4 41.Kf3 Rc6 42.Rd1 Rc4 43.Rc1 Kd5
44.Ke2 Be5 45.Kd3 Rc6 46.f3 Rc4 47.Rc2 Ke6 48.Rg2 Rc6 49.g4 fxg4 50.fxg4 Rd6+
51.Kc2 Kd5 52.gxh5 gxh5 53.Rg5 Kc4 54.Rxe5 Rd2+ 55.Kxd2 Kb3 56.Rxh5  1-0

[Event "Speed Super Swiss KO 2020"]
[Site "chess.com INT"]
[Date "2020.10.04"]
[Round "2.4"]
[White "Andreikin,D"]
[Black "Nakamura,Hi"]
[Result "0-1"]
[WhiteElo "2726"]
[BlackElo "2736"]

1.d4 Nf6 2.Bg5 c5 3.d5 d6 4.c4 g6 5.Nc3 Bg7 6.Qd2 O-O 7.e4 e6 8.Bd3 exd5
9.exd5 Nbd7 10.Nf3 Re8+ 11.Ne2 b5 12.cxb5 Bb7 13.O-O Bxd5 14.Nc3 Bxf3 15.gxf3 d5
16.Kh1 Qc7 17.Rae1 Nb6 18.Rxe8+ Rxe8 19.Re1 Rxe1+ 20.Qxe1 c4 21.Bf1 d4 22.Ne4 Nfd5
23.a4 h6 24.Bh4 Nxa4 25.Bg3 Qd7 26.Bxc4 Nxb2 27.Nc5 Qf5 28.Qe8+ Kh7 29.Bxd5 Qxd5
30.Qc6 Qf5 31.Kg2 Nc4 32.Ne4 Ne5 33.Bxe5 Bxe5 34.Qd5 Qf4 35.h3 Qh2+ 36.Kf1 Qxh3+
37.Ke2 Qf5 38.Nc5 h5  0-1

[Event "Speed Super Swiss KO 2020"]
[Site "chess.com INT"]
[Date "2020.10.04"]
[Round "2.5"]
[White "Nakamura,Hi"]
[Black "Andreikin,D"]
[Result "1-0"]
[WhiteElo "2736"]
[BlackElo "2726"]

1.Nf3 Nf6 2.b3 g6 3.Bb2 Bg7 4.d4 O-O 5.e3 d6 6.Be2 Nbd7 7.O-O c5 8.c4 cxd4
9.Nxd4 Ne5 10.Nc3 Bd7 11.h3 Rc8 12.Rc1 a6 13.Qd2 Re8 14.Rfd1 Qc7 15.Nd5 Qd8
16.Bf1 Ne4 17.Qe1 Nc5 18.Bc3 b6 19.f4 Nc6 20.Nxc6 Bxc6 21.Bxg7 Kxg7 22.e4 Bxd5
23.cxd5 b5 24.e5 Qb6 25.Kh2 Nd7 26.e6 Nf8 27.Bd3 f6 28.Qg1 Qa5 29.Qf2 Qb4
30.Qe3 h5 31.f5 g5 32.Be2 g4 33.hxg4 Rxc1 34.Rxc1 hxg4 35.Rd1 Nh7 36.Rd4 Qc5
37.Rxg4+ Kf8 38.Qh6+  1-0

[Event "Speed Super Swiss KO 2020"]
[Site "chess.com INT"]
[Date "2020.10.04"]
[Round "2.6"]
[White "Andreikin,D"]
[Black "Nakamura,Hi"]
[Result "0-1"]
[WhiteElo "2726"]
[BlackElo "2736"]

1.e4 e5 2.Nf3 Nc6 3.Bb5 Nf6 4.O-O Nxe4 5.d4 Nd6 6.dxe5 Nxb5 7.a4 Nbd4 8.Nxd4 Nxd4
9.Qxd4 d5 10.exd6 Qxd6 11.Qe3+ Be6 12.Nc3 a6 13.Rd1 Qc5 14.Qg3 f6 15.Bf4 Rc8
16.Re1 Kf7 17.Rxe6 Kxe6 18.Qh3+ f5 19.Ne4 Qd5 20.Nc3 Qd7 21.Rd1 Bd6 22.Rd5 g6
23.Ne4 Kxd5 24.Qb3+ Kc6 25.Qc4+ Kb6  0-1

[Event "Speed Super Swiss KO 2020"]
[Site "chess.com INT"]
[Date "2020.10.04"]
[Round "2.7"]
[White "Nakamura,Hi"]
[Black "Andreikin,D"]
[Result "1-0"]
[WhiteElo "2736"]
[BlackElo "2726"]

1.Nf3 d5 2.b3 Nf6 3.Bb2 c6 4.e3 Bg4 5.c4 e6 6.Be2 Nbd7 7.O-O Bd6 8.d4 Ne4
9.Nbd2 f5 10.Ne5 Bxe2 11.Qxe2 O-O 12.Ndf3 g5 13.Nd3 g4 14.Nfe5 Ndf6 15.f3 Ng5
16.fxg4 fxg4 17.Nxg4 Nge4 18.Nc5 Qe7 19.Nxf6+ Nxf6 20.e4 Bxc5 21.dxc5 Nxe4
22.Qg4+  1-0

[Event "Speed Super Swiss KO 2020"]
[Site "chess.com INT"]
[Date "2020.10.04"]
[Round "3.4"]
[White "Artemiev,V"]
[Black "Nakamura,Hi"]
[Result "0-1"]
[WhiteElo "2716"]
[BlackElo "2736"]

1.c4 e5 2.d3 Nc6 3.Nf3 Nf6 4.Nc3 d5 5.cxd5 Nxd5 6.e3 Be7 7.Be2 O-O 8.O-O Be6
9.a3 a5 10.Bd2 Nb6 11.Na4 Qd7 12.Nxb6 cxb6 13.Bc3 f6 14.d4 exd4 15.Nxd4 Nxd4
16.Bxd4 Bc5 17.Bxc5 Qxd1 18.Rfxd1 bxc5 19.Rac1 Rfc8 20.Rd6 Kf7 21.Rb6 Rc7
22.Kf1 c4 23.Ke1 Rac8 24.Rb5 c3 25.bxc3 Rxc3 26.Rxc3 Rxc3 27.Rxa5 Rb3 28.Rb5 Rxa3
29.Rxb7+ Kf8 30.Rb1 Ra2 31.f3 f5 32.Kf1 g6 33.Rb8+ Kg7 34.Rb7+ Kg8 35.Re7 Bf7
36.Rc7 Be6 37.Kf2 Rb2 38.e4 fxe4 39.fxe4 Bg4 40.Kg3 Bxe2 41.Rc8+ Kg7 42.Rc7+ Kf6
43.Rxh7 Bf1 44.h4 Rxg2+ 45.Kf4 Be2 46.Ke3 Bh5 47.Ra7 Rg4 48.Ra6+ Kg7 49.Ra7+ Kh6
50.e5 Rxh4 51.e6 Rb4 52.e7 Rb8 53.Kf4 Re8 54.Ke5 Kg7 55.Kd6 Kf6 56.Ra5 Bg4
57.Re5 Bf5 58.Re1 g5 59.Re5 g4 60.Re3 Kg5 61.Re5 g3 62.Re2 Kf4  0-1

[Event "Speed Super Swiss KO 2020"]
[Site "chess.com INT"]
[Date "2020.10.04"]
[Round "3.3"]
[White "Nakamura,Hi"]
[Black "Artemiev,V"]
[Result "1-0"]
[WhiteElo "2736"]
[BlackElo "2716"]

1.e4 e5 2.Nf3 Nc6 3.Bb5 a6 4.Ba4 d6 5.c3 Bd7 6.d4 g6 7.O-O Bg7 8.h3 Nf6 9.Re1 O-O
10.Nbd2 Re8 11.Bb3 h6 12.a3 Nh5 13.dxe5 dxe5 14.Nf1 Nf4 15.Ne3 Na5 16.Bc2 Be6
17.Nd2 Nd3 18.Rf1 h5 19.b4 Nc6 20.Nb3 Nxc1 21.Rxc1 Bh6 22.Qe2 b6 23.Rcd1 Qg5
24.Kh1 Ne7 25.Nd2 Qf6 26.Bb3 Red8 27.Bxe6 Qxe6 28.Ndc4 Bxe3 29.Nxe3 Qb3 30.Qc4 Qxc4
31.Nxc4 f6 32.h4 Kf7 33.f3 Ke6 34.Kg1 Nc6 35.Ne3 Ne7 36.Kf2 b5 37.Ke2 f5
38.Rxd8 Rxd8 39.a4 fxe4 40.fxe4 c5 41.bxc5 Rc8 42.axb5 axb5 43.Ra1 Rxc5 44.Kd3 Rc6
45.Ra5 Rd6+ 46.Kc2 Rb6 47.Ra8 b4 48.Re8 Rb7 49.cxb4 Kf7 50.Rh8 Rxb4 51.Rh7+ Kf6
52.Rxe7 Rxe4 53.Nd5+ Kf5 54.Ra7 Rxh4 55.Ne3+ Ke6 56.Ra6+ Kf7 57.Kd3 Rd4+
58.Ke2 Re4 59.Rc6 g5 60.Kf2 Rf4+ 61.Kg1 Re4 62.Nf5 Rf4 63.Ne3 Re4 64.Rc3 Ke6
65.Kf2 Rf4+ 66.Ke2 Re4 67.g3 h4 68.Kf3 Ra4 69.g4 Rf4+ 70.Ke2 e4 71.Rc5 Rf3
72.Rxg5 Rh3 73.Rh5 Rh2+ 74.Ke1 Rh3 75.Kf2 Rh2+ 76.Kg1 Rh3 77.Ng2 Rg3 78.Rxh4 Kf6
79.Kh2 Ra3 80.Rh5 Ke6 81.Rf5 Kd6 82.Nh4 e3 83.Ng2 e2 84.Rf2 Re3 85.Ne1 Ke5
86.Kg2 Re4 87.Kg3 Re3+ 88.Kh4 Re4 89.Rf3 Kd4 90.Kg3 Ke5 91.Ra3 Ke6 92.Ra5 Rb4
93.Kf3 Rc4 94.Rb5 Kf6 95.Rf5+ Kg6 96.Re5 Rc3+ 97.Kxe2 Rg3 98.Re4 Kg5 99.Nf3+ Kf6
100.Ke3  1-0

[Event "Speed Super Swiss KO 2020"]
[Site "chess.com INT"]
[Date "2020.10.04"]
[Round "3.2"]
[White "Artemiev,V"]
[Black "Nakamura,Hi"]
[Result "1/2-1/2"]
[WhiteElo "2716"]
[BlackElo "2736"]

1.d4 Nf6 2.c4 e6 3.Nc3 Bb4 4.Bd2 O-O 5.Nf3 d5 6.e3 c5 7.a3 Bxc3 8.Bxc3 Ne4
9.Rc1 Nxc3 10.Rxc3 cxd4 11.Nxd4 dxc4 12.Bxc4 Bd7 13.Bd3 Nc6 14.Be4 Qb6 15.Nxc6 Bxc6
16.Bxc6 bxc6 17.Qc2 Rab8 18.b4 a5 19.bxa5 Qa6 20.Qd3 Qxd3 21.Rxd3 Rb1+ 22.Rd1 Rb3
23.O-O Ra8 24.a4 g6 25.Rb1 Rd3 26.Rfd1 Rd5 27.Rxd5 exd5 28.Rb6 Rxa5 29.Rxc6 Rxa4  1/2-1/2

[Event "Speed Super Swiss KO 2020"]
[Site "chess.com INT"]
[Date "2020.10.04"]
[Round "3.5"]
[White "Nakamura,Hi"]
[Black "Artemiev,V"]
[Result "1/2-1/2"]
[WhiteElo "2736"]
[BlackElo "2716"]

1.e4 c5 2.Nf3 a6 3.c3 d5 4.exd5 Qxd5 5.d4 Nf6 6.Na3 e6 7.Nc4 Nbd7 8.a4 cxd4
9.Qxd4 Bc5 10.Qxd5 exd5 11.Ne3 O-O 12.Be2 Re8 13.O-O Nb6 14.b4 Bxe3 15.Bxe3 Nc4
16.Bxc4 dxc4 17.Bd4 Nd5 18.Nd2 Bf5 19.Nxc4 Bd3 20.Nd6 Re6 21.Nxb7 Bxf1 22.Kxf1 Re4
23.Rd1 f6 24.g3 Re7 25.Nc5 Rd8 26.Rb1 Rd6 27.b5 axb5 28.axb5 Nb6 29.Na6 Rb7
30.Nc5 Rc7 31.Na6 Rb7 32.Nc5 Rc7 33.Ne4 Re6 34.Nc5 Rd6  1/2-1/2

[Event "Speed Super Swiss KO 2020"]
[Site "chess.com INT"]
[Date "2020.10.04"]
[Round "3.6"]
[White "Artemiev,V"]
[Black "Nakamura,Hi"]
[Result "1/2-1/2"]
[WhiteElo "2716"]
[BlackElo "2736"]

1.d4 Nf6 2.Bg5 c5 3.e3 g6 4.Bxf6 exf6 5.Nf3 cxd4 6.Nxd4 Bg7 7.Nc3 O-O 8.Bc4 Nc6
9.O-O Nxd4 10.Qxd4 f5 11.Qd3 d6 12.Rad1 Be6 13.Bb3 a6 14.Qxd6 Bxc3 15.bxc3 Qxd6
16.Rxd6 Rac8 17.Bxe6 fxe6 18.Rxe6 Rxc3 19.Rb1 Rxc2 20.h4 Rf7 21.Reb6 Rxa2
22.Rxb7 Rxb7 23.Rxb7 a5 24.Ra7 a4 25.h5 a3 26.h6 Ra1+ 27.Kh2 a2 28.Kg3 g5
29.f3 Kf8 30.Kf2 Kg8 31.Kg3 Kf8 32.e4 fxe4 33.fxe4 Rh1 34.Rxa2 Rxh6 35.Kg4 Rh4+
36.Kf5 Rf4+ 37.Ke5 h5 38.Ra7 Rf2 39.Ke6 Rxg2 40.Kf6 Rf2+ 41.Kxg5 h4 42.Kxh4 Rf4+
43.Kg5 Rxe4 44.Kf5  1/2-1/2

[Event "Speed Super Swiss KO 2020"]
[Site "chess.com INT"]
[Date "2020.10.04"]
[Round "3.7"]
[White "Nakamura,Hi"]
[Black "Artemiev,V"]
[Result "1/2-1/2"]
[WhiteElo "2736"]
[BlackElo "2716"]

1.e4 c5 2.Nf3 e6 3.d4 cxd4 4.Nxd4 Nc6 5.Nxc6 bxc6 6.Bd3 Nf6 7.Nd2 d5 8.Qe2 Be7
9.O-O O-O 10.b3 Nd7 11.Bb2 Nc5 12.Rfd1 a5 13.Nf3 Nxd3 14.Qxd3 Ba6 15.Qe3 Bf6
16.Ne5 Qc7 17.Qg3 Rad8 18.Ng4 Qxg3 19.Nxf6+ gxf6 20.hxg3 e5 21.Bc3 a4 22.bxa4 dxe4
23.Bb4 Rxd1+ 24.Rxd1 Re8 25.Rd6 Re6 26.Rd8+ Kg7 27.g4 c5 28.Bxc5 Rc6 29.Bf8+ Kg6
30.Bb4 Kg7 31.c3 Be2 32.a5 Bxg4 33.Rb8 Be2 34.Rb6 Re6 35.Bd6 Re8 36.Bb8 Re6
37.Bd6 Re8 38.Bb4 Re6 39.Bd6  1/2-1/2

[Event "Speed Super Swiss KO 2020"]
[Site "chess.com INT"]
[Date "2020.10.04"]
[Round "3.8"]
[White "Artemiev,V"]
[Black "Nakamura,Hi"]
[Result "0-1"]
[WhiteElo "2716"]
[BlackElo "2736"]

1.d4 Nf6 2.Nc3 d5 3.Bf4 a6 4.e3 Bf5 5.Bd3 Bg6 6.Nf3 e6 7.O-O Nbd7 8.Re1 c5
9.Bxg6 hxg6 10.e4 dxe4 11.Nxe4 Nxe4 12.Rxe4 Nf6 13.Re1 cxd4 14.Be5 Bc5 15.Bxd4 Bxd4
16.Qxd4 Qxd4 17.Nxd4 O-O-O 18.c3 Rd5 19.Nf3 Kd7 20.c4 Rc5 21.Rad1+ Ke7 22.b3 b5
23.cxb5 axb5 24.Nd4 b4 25.Rc1 Rhc8 26.Rxc5 Rxc5 27.h4 Nd5 28.a3 bxa3 29.Ra1 e5
30.Nf3 Ra5 31.Nxe5 Ra6 32.Nd3 a2 33.Kf1 Ra3 34.Ke2 Rxb3 35.Kd2 Ra3 36.Kc2 Kf6
37.Nc1 Nb4+ 38.Kb2 Ra8 39.Nxa2 Nd3+ 40.Kb3 Kf5 41.Rd1 Nc5+ 42.Kb2 Ne4 43.f3 Rxa2+
44.Kb3 Rxg2 45.fxe4+ Kxe4 46.Rd7 Rf2 47.Kc4 Ke5 48.Kd3 Kf6 49.Ke3 Rf5 50.Ra7 g5
51.Ra6+ Ke5 52.Ra5+ Ke6 53.Ra6+ Kd7 54.Ra7+ Kd6 55.hxg5 g6 56.Ke4 Ke6 57.Ra6+ Ke7
58.Ra7+ Kf8 59.Rb7 Rxg5 60.Kf4 Rf5+ 61.Kg4 Kg7 62.Rc7 Ra5 63.Rb7 Ra4+ 64.Kg5 Ra1
65.Rc7 Rg1+ 66.Kf4 Kh6 67.Kf3 f5 68.Kf4 Rg4+ 69.Kf3 Kg5 70.Ra7 Rb4 71.Ra3 Kh4
72.Ra6 Rb3+ 73.Kf4 g5+ 74.Kxf5 g4 75.Rh6+ Kg3 76.Ke4 Kg2  0-1

[Event "Speed Super Swiss KO 2020"]
[Site "chess.com INT"]
[Date "2020.10.04"]
[Round "3.10"]
[White "Artemiev,V"]
[Black "Nakamura,Hi"]
[Result "1-0"]
[WhiteElo "2716"]
[BlackElo "2736"]

1.b3 e5 2.Bb2 Nc6 3.e3 a6 4.Nf3 d6 5.d4 Qe7 6.Nc3 Nf6 7.Bc4 exd4 8.Nxd4 Nxd4
9.Qxd4 Be6 10.O-O-O Bxc4 11.Qxc4 O-O-O 12.g4 Qe6 13.Qd4 Nxg4 14.Rd2 Kb8 15.Nd5 Ne5
16.Qc3 c6 17.Qa5 Qd7 18.Nb6 Qc7 19.Bxe5 dxe5 20.Rxd8+ Qxd8 21.Rd1 Ba3+ 22.Qxa3 Qxb6
23.Qe7 c5 24.Qxf7 Rc8 25.Qxg7 c4 26.Qxe5+ Ka8 27.Qd4 Qa5 28.Kb1 Qf5 29.e4 Qf3
30.Re1 c3 31.e5 Re8 32.Qe3 Qg2 33.Qxc3 Qxf2 34.e6 Qxh2 35.e7 Qd6 36.Qg7 h5
37.Qf7 Qd7 38.Re5 h4 39.Re4 h3 40.Rh4 h2 41.Rxh2 Rxe7 42.Qf8+ Ka7 43.Qf2+ b6
44.Kb2 Qe6 45.Qf4 Qe5+ 46.Qxe5 Rxe5 47.Rh7+ Kb8 48.Kc3 Rc5+ 49.Kd3 Rg5 50.a4 Rg3+
51.Kc4 Rg4+ 52.Kd5 Rg2 53.Kc6 Rxc2+ 54.Kxb6 Rc8 55.Kxa6  1-0

[Event "Speed Super Swiss KO 2020"]
[Site "chess.com INT"]
[Date "2020.10.04"]
[Round "3.11"]
[White "Nakamura,Hi"]
[Black "Artemiev,V"]
[Result "1-0"]
[WhiteElo "2736"]
[BlackElo "2716"]

1.e4 c5 2.Nf3 a6 3.d4 cxd4 4.Nxd4 Nf6 5.Nc3 e5 6.Nde2 Bc5 7.Ng3 d6 8.Be2 Be6
9.O-O Nbd7 10.Nd5 Bxd5 11.exd5 O-O 12.c4 Rc8 13.b3 b5 14.Bg5 h6 15.Be3 Bxe3
16.fxe3 g6 17.cxb5 axb5 18.Bxb5 Qb6 19.Bxd7 Qxe3+ 20.Kh1 Nxd7 21.Qg4 Rcd8
22.Nf5 Qg5 23.Qxg5 hxg5 24.Nxd6 Nb6 25.Ne4 Nxd5 26.Nxg5 Ra8 27.a4 f6 28.Ne4 f5
29.Ng5 e4 30.Rfd1 Ne3 31.Rd6 Kg7 32.Ne6+ Kh6 33.Nxf8 Rxf8 34.a5 f4 35.Re6 Ng4
36.h3 Nf2+ 37.Kg1 e3 38.a6 f3 39.Rxe3 fxg2 40.a7  1-0

[Event "Speed Super Swiss KO 2020"]
[Site "chess.com INT"]
[Date "2020.10.04"]
[Round "3.1"]
[White "Nakamura,Hi"]
[Black "Artemiev,V"]
[Result "1/2-1/2"]
[WhiteElo "2736"]
[BlackElo "2716"]

1.Nf3 d5 2.e3 g6 3.c4 c6 4.Qa4 e6 5.Nc3 Bg7 6.d4 Nf6 7.cxd5 exd5 8.Bd3 O-O
9.O-O Re8 10.Qc2 Nbd7 11.Rb1 a5 12.a3 Qe7 13.Nd2 Nf8 14.b4 axb4 15.axb4 Ne6
16.Nb3 Qxb4 17.Nc5 Qa5 18.Nxe6 Rxe6 19.Bd2 Re8 20.h3 Qc7 21.Na4 Ra7 22.Bb4 Bf8
23.Bxf8 Rxf8 24.Rfc1 Ra5 25.Qb3 Re8 26.Nc5 Ra7 27.Ra1 Rxa1 28.Rxa1 Nd7 29.Na4 b5
30.Nb2 Nb6 31.Bc2 Nc4 32.Nd3 Bf5 33.Nc5 Bxc2 34.Qxc2 Qe7 35.Ra6 Rc8 36.Qa2 Nd6
37.Nd3 Nc4 38.Nc5 Nd6 39.Nd3 Nc4 40.Ra7 Rc7 41.Ra8+ Kg7 42.Nc5 Nb6 43.Ra6 Nc4
44.Ra8 h5 45.Ra6 h4 46.Qa1 Nd6 47.Nd3 Nc4 48.Nc5 Nd6 49.Nd3 Nc4 50.Nc5  1/2-1/2

[Event "Speed Super Swiss KO 2020"]
[Site "chess.com INT"]
[Date "2020.10.04"]
[Round "3.9"]
[White "Nakamura,Hi"]
[Black "Artemiev,V"]
[Result "0-1"]
[WhiteElo "2736"]
[BlackElo "2716"]

1.e4 c5 2.Nf3 a6 3.c3 d5 4.exd5 Qxd5 5.d4 Bg4 6.Be2 e6 7.Be3 Nd7 8.Nbd2 Ngf6
9.h3 Bh5 10.O-O Be7 11.dxc5 Bxc5 12.Bxc5 Nxc5 13.Nb3 Ncd7 14.Qxd5 Nxd5 15.Rfe1 Nf4
16.Nfd4 Bxe2 17.Nxe2 Nd3 18.Reb1 O-O-O 19.Nbc1 N3e5 20.Nd4 Nc5 21.Ncb3 Ncd3
22.Nc1 Nf4 23.g3 Nd5 24.Kg2 h5 25.Nce2 h4 26.g4 Nd3 27.Kf3 g5 28.a4 Rh6 29.Kg2 Rf6
30.f3 Ne3+ 31.Kh2 e5 32.Nf5 Nxf5 33.gxf5 Rxf5 34.Rf1 Nxb2  0-1

[Event "Speed Super Swiss KO 2020"]
[Site "chess.com INT"]
[Date "2020.10.04"]
[Round "4.4"]
[White "Fedoseev,Vl3"]
[Black "Nakamura,Hi"]
[Result "1-0"]
[WhiteElo "2678"]
[BlackElo "2736"]

1.e4 f5 2.exf5 Nf6 3.Nf3 d5 4.Bd3 c5 5.c3 Ne4 6.Bxe4 dxe4 7.Qa4+ Qd7 8.Qxe4 Qxf5
9.Qxf5 Bxf5 10.d4 Nd7 11.Be3 e6 12.Nbd2 Rc8 13.O-O b6 14.Rfe1 h6 15.d5 Be7
16.Bf4 Kf7 17.d6 Bf6 18.Nc4 b5 19.Nce5+ Ke8 20.Rad1 g5 21.Nxd7 Kxd7 22.Be5  1-0

[Event "Speed Super Swiss KO 2020"]
[Site "chess.com INT"]
[Date "2020.10.04"]
[Round "4.12"]
[White "Fedoseev,Vl3"]
[Black "Nakamura,Hi"]
[Result "1-0"]
[WhiteElo "2678"]
[BlackElo "2736"]

1.e4 e5 2.Nf3 Nc6 3.Bc4 Bc5 4.c3 Nf6 5.d3 O-O 6.O-O d6 7.Bg5 h6 8.Bh4 a6
9.a4 Ba7 10.Nbd2 g5 11.Bg3 Kg7 12.Re1 Nh7 13.d4 exd4 14.e5 dxc3 15.bxc3 Bf5
16.exd6 cxd6 17.Ne4 d5 18.Bxd5 Nf6 19.Bxc6 bxc6 20.Nxf6 Kxf6 21.Bd6 Re8 22.Rxe8 Qxe8
23.c4 Rd8 24.Qd2 Kg7 25.Re1 Be6 26.c5 Bb8 27.Nxg5 hxg5 28.Qxg5+ Kh7 29.Re4  1-0

[Event "Speed Super Swiss KO 2020"]
[Site "chess.com INT"]
[Date "2020.10.04"]
[Round "4.11"]
[White "Nakamura,Hi"]
[Black "Fedoseev,Vl3"]
[Result "1-0"]
[WhiteElo "2736"]
[BlackElo "2678"]

1.Nf3 d5 2.d4 Nf6 3.c4 e6 4.Nc3 Nbd7 5.e3 c6 6.Bd3 Be7 7.O-O O-O 8.e4 dxe4
9.Nxe4 Nxe4 10.Bxe4 Nf6 11.Bc2 b6 12.Bg5 Bb7 13.Qd3 g6 14.Qc3 Rc8 15.Rad1 Qc7
16.d5 Ne8 17.Bxe7 Qxe7 18.dxe6 Qxe6 19.c5 Qf6 20.Ne5 Rc7 21.Nd7 Qxc3 22.bxc3 bxc5
23.Rfe1 Ba6 24.Nxf8 Kxf8 25.Rd8 Re7 26.Rxe7 Kxe7 27.Ra8 Bc4 28.Rxa7+ Kf6
29.Bb3  1-0

[Event "Speed Super Swiss KO 2020"]
[Site "chess.com INT"]
[Date "2020.10.04"]
[Round "4.10"]
[White "Fedoseev,Vl3"]
[Black "Nakamura,Hi"]
[Result "1/2-1/2"]
[WhiteElo "2678"]
[BlackElo "2736"]

1.d4 Nf6 2.c4 e6 3.Nf3 d5 4.g3 Bb4+ 5.Bd2 Be7 6.Bg2 O-O 7.O-O c6 8.Qc2 Nbd7
9.Bc3 dxc4 10.a4 Nd5 11.Nbd2 b5 12.axb5 cxb5 13.Ba5 N7b6 14.b3 Bb7 15.bxc4 bxc4
16.Nxc4 Rc8 17.Nfd2 Bb4 18.Qb3 Bxa5 19.Nxa5 Ba6 20.Nc6 Rxc6 21.Rxa6 Rc3 22.Qa2 Nb4
23.Qb2 Qxd4 24.Ra3 Rd3 25.Qxd4 Rxd4 26.Nb3 Rd7 27.Rb1 Rc8 28.Na5 N4d5 29.h4 Nc3
30.Rb2 Ncd5 31.Bf3 h6 32.Kg2 g6 33.h5 g5 34.Raa2 Kg7 35.Ra1 Nf6 36.g4 Nbd5
37.e3 e5 38.Nb3 e4 39.Be2 Rb8 40.Ra3 Rdb7 41.Kg3 a5 42.Bc4 a4 43.Rxa4 Nb6
44.Nc5 Nxa4 45.Rxb7 Rxb7 46.Nxb7 Nb2 47.Nd6 Nxc4 48.Nxc4 Ne8 49.Nd2 Nd6 50.Nb3 f5
51.gxf5 Nxf5+ 52.Kg4 Nd6 53.Nc5 Kf6 54.Nd7+ Ke6 55.Nc5+ Kd5 56.Nd7 Ke6 57.Nc5+ Kd5
58.Na4 Ke5 59.Nb6 Ne8 60.Nd7+ Ke6 61.Nc5+ Kd5 62.Nb3 Ke5 63.Nd4 Nf6+ 64.Kg3 Nxh5+
65.Kg4 Nf6+ 66.Kg3 h5 67.Nc6+ Kd6 68.Nd4 Nd7 69.Nf5+ Ke5 70.Nd4 Nc5 71.Nc6+ Kf6
72.Nd4 Nd3 73.Kg2 g4 74.Kg3 Kg6 75.Ne6 Kf6 76.Nd4 Kf7 77.Nb5 Ke7 78.Nc3 h4+
79.Kxh4 Nxf2 80.Kg3 Nd3 81.Nxe4 Ne5 82.Kf4 Nc4 83.Ng3 Nxe3 84.Kxe3 Kd8 85.Kf4 Kc8
86.Kxg4  1/2-1/2

[Event "Speed Super Swiss KO 2020"]
[Site "chess.com INT"]
[Date "2020.10.04"]
[Round "4.8"]
[White "Fedoseev,Vl3"]
[Black "Nakamura,Hi"]
[Result "0-1"]
[WhiteElo "2678"]
[BlackElo "2736"]

1.e4 e5 2.Nf3 Nc6 3.Bb5 a6 4.Ba4 d6 5.c3 Bd7 6.d4 g6 7.O-O Bg7 8.Bg5 f6 9.Be3 Nh6
10.h3 Qe7 11.dxe5 dxe5 12.c4 Nd8 13.Nc3 c6 14.c5 Nhf7 15.b4 O-O 16.Bb3 Be6
17.Qc2 f5 18.Rad1 f4 19.Bc1 g5 20.Nd2 a5 21.a3 axb4 22.axb4 g4 23.hxg4 Bxg4
24.f3 Be6 25.Nc4 Kh8 26.Nb6 Rb8 27.Bxe6 Nxe6 28.Nd7 Nd4 29.Rxd4 exd4 30.Nxf8 dxc3
31.Rd1 Rxf8 32.Bxf4 Rd8 33.Be3 Rxd1+ 34.Qxd1 Qd8 35.Qxd8+ Nxd8 36.Kf2 Ne6
37.Ke2 Be5 38.Kd3 Nf4+ 39.Bxf4 Bxf4 40.Kxc3 Kg7 41.b5 Kf6 42.Kb4 Bc7 43.bxc6 bxc6
44.Kc4 Kg5 45.Kd4 Kf4 46.Kd3 h5 47.Ke2 h4 48.Kf2 Bd8  0-1

[Event "Speed Super Swiss KO 2020"]
[Site "chess.com INT"]
[Date "2020.10.04"]
[Round "4.7"]
[White "Nakamura,Hi"]
[Black "Fedoseev,Vl3"]
[Result "0-1"]
[WhiteElo "2736"]
[BlackElo "2678"]

1.e4 c6 2.Nf3 d5 3.Nc3 dxe4 4.Nxe4 Nf6 5.Qe2 Nxe4 6.Qxe4 Be6 7.d4 Bd5 8.Qe3 Bxf3
9.gxf3 Nd7 10.c3 Nf6 11.Bd3 e6 12.Qe2 Bd6 13.h4 Qc7 14.h5 Bf4 15.Be3 h6 16.O-O-O O-O-O
17.Kb1 Kb8 18.Rdg1 Rhg8 19.Rh4 Bd6 20.f4 Qe7 21.f5 e5 22.dxe5 Qxe5 23.Re1 Ka8
24.Ra4 c5 25.Bc2 Rge8 26.Qc4 Qd5 27.Qe2 Qc6 28.Rh4 Nd5 29.Ba4 Qb6 30.Bxe8 Nxc3+  0-1